Visual Basic .Net: a complete object-oriented programming course including unified Modelling Language (UML) (Record no. 36722)

MARC details
000 -LEADER
fixed length control field 00876 2200205 4500
008 - FIXED-LENGTH DATA ELEMENTS--GENERAL INFORMATION
fixed length control field 100506t xxu||||| |||| 00| 0 eng d
020 ## - INTERNATIONAL STANDARD BOOK NUMBER
International Standard Book Number 1844800989
050 ## - LIBRARY OF CONGRESS CALL NUMBER
Classification number QA76.73.B3
Item number J66 2003
100 ## - MAIN ENTRY--PERSONAL NAME
Personal name Jones, Phil
245 ## - TITLE STATEMENT
Title Visual Basic .Net: a complete object-oriented programming course including unified Modelling Language (UML)
Statement of responsibility, etc Phil Jones ; foreword by Tim Sneath.
260 ## - PUBLICATION, DISTRIBUTION, ETC. (IMPRINT)
Name of publisher, distributor, etc Thomson Learning
Date of publication, distribution, etc c2003.
Place of publication, distribution, etc London
300 ## - PHYSICAL DESCRIPTION
Extent xxi, 680 p.
Other physical details ill.
Dimensions 25 cm.
500 ## - GENERAL NOTE
General note Includes index.
650 ## - SUBJECT ADDED ENTRY--TOPICAL TERM
Topical term or geographic name as entry element Microsoft Visual BASIC
650 ## - SUBJECT ADDED ENTRY--TOPICAL TERM
Topical term or geographic name as entry element BASIC ( Computer program language)
650 ## - SUBJECT ADDED ENTRY--TOPICAL TERM
Topical term or geographic name as entry element Object-oriented programming (Computer science)
650 ## - SUBJECT ADDED ENTRY--TOPICAL TERM
Topical term or geographic name as entry element Microsoft .NET.
942 ## - ADDED ENTRY ELEMENTS (KOHA)
Item type Book
Source of classification or shelving scheme Library of Congress Classification
Holdings
Withdrawn status Lost status Source of classification or shelving scheme Damaged status Not for loan Collection code Home library Current library Shelving location Date acquired Source of acquisition Total Checkouts Total Renewals Full call number Barcode Date last seen Date last borrowed Price effective from Koha item type
    Library of Congress Classification     Non-fiction Bishop Okullu Memorial Library (Limuru Campus) Bishop Okullu Memorial Library (Limuru Campus) General Circulation 06/05/2010 Purchase 9 1 QA76.73.B3 J66 2003 019122 04/03/2025 25/02/2025 06/05/2010 Book